1627 1695 1215 1342 1070 1584 1084 1436 1024 1122 1229 1853 1992 1280 1048 1183 1904 1072 1068 1931 1932 1642 1415 1882 1320 1547 1495 1992 1726 1215 1687 1449 1276 1709 1937 1484 1154 1885 1204 1009 1770 1073 1957 1751 1337 1457 1364 1615 1428 1985 1964 1232 1595 1687 1883 1323 1252 1917 1461 1892 1632 1823 1254 1636 1761 1046 1089 1842 1395 1483 1224 1930 1202 1685 1513 1462 1925 1141 1722 1861 1398 1207 1185 1171 1578 1858 1460 1277 1634 1326 1539 1292 1072 1641 1210 1277 1408 1095 1534 BCNSPRNW ULIB Ver.6.0+V

เปลี่ยนเป็นภาษาไทย

Change to English
 แสดงรายละเอียดบรรณานุกรม
  กลับหน้าหลัก

Brief Record : Get Marc (ISO 2709) : E-mail record : QR code < ปิดหน้าต่าง
LEADER : 00000nam 2200000uu 4500
001    13399120636
003     ULIB
008    020711s2549 th a 000 0 tha d
020    9789749497296
020    9749497295
050  4 ^aAC158^bม867ป
100    แมททิว เรมอนด์ โคล
245    เอ็กโพลซายน์ = ^b Exoplore science ตอน Life/ ^c แมททิว เรมอนด์ โคล ; เชิญโชค ศรขวัญ, บรรณาธิการ
250    พิมพ์ครั้งที่ 2
260    กรุงเทพฯ :^bเพียร์สัน เอ็ดดูเคชั่น อินโดไชน่า,^c2549
300    139 หน้า
650    วิทยาศาสตร์^xสิ่งมีชีวิต
650    สิ่งมีชีวิต
700    เชิญโชค ศรขวัญ,^eบรรณาธิการ
945    ^p500^l0^i17781
999    ^aทศพร เกษรทอง
รายการนี้ยังไม่มีแท็ก
คุณยังไม่ได้ล็อกอิน คุณสามารถมีกิจกรรมร่วมกับเว็บไซต์ได้ แต่ต้องล็อกอินก่อน ::
  ล็อกอิน

รายการสื่อสารสนเทศ

ลำดับที่ ประเภท เลขเรียก/บาร์โค้ด สถานที่ สถานะ
1. วิทยาศาสตร์การแพทย์ และสุขภาพ
วิทยาศาสตร์การแพทย์ และสุขภาพ
AC158 ม867ป ฉ.1 
  Barcode: 17781
ห้องสมุดวิทยาเขตสวรรค์ประชารักษ์
►หนังสือทั่วไป
บนชั้น

รายการใกล้เคียง
    ผู้แต่ง [แมททิว เรมอนด์ โคล]

    หัวเรื่อง [สิ่งมีชีวิต]

BibComment


ยังไม่เคยถูกคอมเมนท์

คอมเมนท์ทรัพยากรรายการนี้
  คอมเมนท์: เอ็กโพลซายน์ E..


 Copyright 2026. Bcnsprnw @Library